Detalles MARC
| 000 -LEADER |
| fixed length control field |
02271nam a2200373 i 4500 |
| 001 - CONTROL NUMBER |
| control field |
000030346 |
| 003 - CONTROL NUMBER IDENTIFIER |
| control field |
DO-SdBPM |
| 005 - DATE AND TIME OF LATEST TRANSACTION |
| control field |
20260212111930.0 |
| 007 - PHYSICAL DESCRIPTION FIXED FIELD--GENERAL INFORMATION |
| fixed length control field |
ta |
| 008 - FIXED-LENGTH DATA ELEMENTS--GENERAL INFORMATION |
| fixed length control field |
110510s1994 dr d 000 0 spa d |
| 020 ## - INTERNATIONAL STANDARD BOOK NUMBER |
| International Standard Book Number |
8489525404 |
| 040 ## - CATALOGING SOURCE |
| Original cataloging agency |
DO-SdBPM |
| Language of cataloging |
spa |
| Transcribing agency |
BPMSU |
| Description conventions |
rda |
| 041 ## - LANGUAGE CODE |
| Language code of original |
spa |
| 082 #4 - DEWEY DECIMAL CLASSIFICATION NUMBER |
| Classification number |
658.32 |
| Item number |
R696s 1994 |
| Edition number |
22 |
| 100 1# - MAIN ENTRY--PERSONAL NAME |
| Personal name |
Rodríguez R., Víctor Melitón, |
| Relator term |
autor |
| Relator code |
aut. |
| 245 10 - TITLE STATEMENT |
| Title |
Salarios y beneficios del trabajo / |
| Statement of responsibility, etc. |
Víctor Melitón Rodríguez R. ; prólogo Luís A. Scheker Ortíz. |
| 264 ## - PRODUCTION, PUBLICATION, DISTRIBUTION, MANUFACTURE, AND COPYRIGHT NOTICE |
| Place of production, publication, distribution, manufacture |
Santo Domingo : |
| Name of producer, publisher, distributor, manufacturer |
INTEC, |
| Date of production, publication, distribution, manufacture, or copyright notice |
1994. |
| 300 ## - PHYSICAL DESCRIPTION |
| Extent |
335 páginas : |
| Other physical details |
gráficos ; |
| Dimensions |
22 cm. |
| 336 ## - CONTENT TYPE |
| Source |
rdacontent |
| Content type term |
texto |
| Content type code |
txt |
| 337 ## - MEDIA TYPE |
| Source |
rdamedia |
| Media type term |
sin mediación |
| Media type code |
n |
| 338 ## - CARRIER TYPE |
| Source |
rdacarrier |
| Carrier type term |
volumen |
| Carrier type code |
nc |
| 500 ## - GENERAL NOTE |
| General note |
Incluye referencias bibliográficas y notas al pie de las páginas |
| 504 ## - BIBLIOGRAPHY, ETC. NOTE |
| Bibliography, etc |
Bibliografía : páginas 325-335. |
| 505 0# - FORMATTED CONTENTS NOTE |
| Formatted contents note |
La adecuada valoración del trabajo 26 -- Prerrequisitos inmediatos de la adecuada valoración del trabajo dependiente 74 -- Valoración de cargos previamente clasificados 90 -- El costo de la vida y los salarios. Otros factores de remuneración 129 -- Análisis comparativo de salarios nominales, para fijar nuevas escalas 144 -- Nuevas escalas de sueldos en base a módulos; su costo adicional. Como absorber la inflación, tipos de escalas; su consistencia interna y externa 156 -- Situaciones remunerativas especiales 186 -- Otras compensaciones adicionales al salario. Participación del trabajador en los beneficios de su organización 204 -- Salarios, costo de la vida y tributación 216 -- Procesamiento electrónico en el análisis salarial 230 -- Proporcionalidad, igualdad y justicia en las escalas salariales 250 -- Especificaciones y valores de cargos claves en puntos 269 -- Compendio esencial y epilogo 303 -- Actualización salarial 311 -- Guía alfabética de temas principales 313 |
| 590 ## - LOCAL NOTE (RLIN) |
| Local note |
Inventariado, 2026/VM |
| 650 #7 - SUBJECT ADDED ENTRY--TOPICAL TERM |
| Topical term or geographic name as entry element |
Salarios |
| 650 #7 - SUBJECT ADDED ENTRY--TOPICAL TERM |
| Topical term or geographic name as entry element |
Participación en las ganancias |
| 650 #7 - SUBJECT ADDED ENTRY--TOPICAL TERM |
| Topical term or geographic name as entry element |
aAnálisis ocupacional |
| 651 #7 - SUBJECT ADDED ENTRY--GEOGRAPHIC NAME |
| Geographic name |
República Dominicana |
| General subdivision |
Condiciones Económicas |
| 700 1# - ADDED ENTRY--PERSONAL NAME |
| Personal name |
Scheker Ortíz, Luís A., |
| Relator term |
prólogo |
| 710 2# - ADDED ENTRY--CORPORATE NAME |
| Corporate name or jurisdiction name as entry element |
Instituto Tenólogico de Santo Domingo |
| 910 ## - USER-OPTION DATA (OCLC) |
| User-option data |
VMateo V. Control de calidad BPMSU |
| 942 ## - ADDED ENTRY ELEMENTS (KOHA) |
| Source of classification or shelving scheme |
Dewey Decimal Classification |
| Koha item type |
Libros |